00719 2200217 4500001002100000005001500021035002000036007000300056008004100059020002200100082001100122084001700133100001700150245009700167250002400264260002900288300005500317650005200372650004900424504002800473INLIS00000000000406420251118015947 a0010-1125000096ta251118 a 0 ind  a978-602-6725-34-9 a372.35 a372.35 DED h0 aDedi Effendi1 aHafalan Materi Praktis IPA SD/ MI Kelas 4,5,& 6 /cDedi Effendi (Penulis); Dini (Penyunting) aCetakan Kedua, 2019 aJakarta :bBmedia,c2018 aiv; 386 Halaman :bIlustrasi; teks; tabel ;c18 cm 4aSains (Pendidikan dasar) - Studi dan pengajaran 4aSains (Pendidikan dasar) - Ujian, soal, dsb. aBibliografi Halaman 385